书目信息 |
| 题名: |
边界层理论讲义
|
|
| 作者: | 郭永怀 著 | |
| 分册: | ||
| 出版信息: | 合肥 中国科学技术大学出版社 2008.09 |
|
| 页数: | 168页, [2] 叶图版 | |
| 开本: | 26cm | |
| 丛书名: | 中国科学技术大学建校初期著名科学家教学史料丛书 | |
| 单 册: | ||
| 中图分类: | O357.4 | |
| 科图分类: | ||
| 主题词: | 边界层理论--bian jie ceng li lun--高等学校--教材 | |
| 电子资源: | ||
| ISBN: | 978-7-312-02276-0 | |
| 000 | 01033nam 2200253 450 | |
| 001 | 012009704018 | |
| 005 | 20090430115321.45 | |
| 010 | @a978-7-312-02276-0@dCNY48.00 | |
| 100 | @a20090430d2008 em y0chi0120 ea | |
| 101 | 0 | @achi |
| 102 | @aCN@b340000 | |
| 105 | @aacf z 000yy | |
| 106 | @ar | |
| 200 | 1 | @a边界层理论讲义@Abian jie ceng li lun jiang yi@f郭永怀@Fguo yong huai |
| 210 | @a合肥@c中国科学技术大学出版社@d2008.09 | |
| 215 | @a168页, [2] 叶图版@c图, 肖像@d26cm | |
| 225 | 2 | @a中国科学技术大学建校初期著名科学家教学史料丛书@Azhong guo ke xue ji shu da xue jian xiao chu qi zhu ming ke xue jia jiao xue shi liao cong shu |
| 330 | @a本书主要内容包括:粘性流体的运动方程,不可压缩粘性流动的基本理论,不可压缩层流边界层理论,边界层的近似计算方法等。 | |
| 410 | 0 | @12001 @a中国科学技术大学建校初期著名科学家教学史料丛书 |
| 606 | 0 | @a边界层理论@Abian jie ceng li lun@x高等学校@j教材 |
| 690 | @aO357.4@v4 | |
| 701 | 0 | @a郭永怀@Aguo yong huai@4著 |
| 801 | 0 | @aCN@bQSSK@c20090430 |
| 905 | @b741746-48@dO357.4@eG862@f3 | |
| 边界层理论讲义/郭永怀.-合肥:中国科学技术大学出版社,2008.09 |
| 168页, [2] 叶图版:图, 肖像;26cm.-(中国科学技术大学建校初期著名科学家教学史料丛书) |
| ISBN 978-7-312-02276-0:CNY48.00 |
| 本书主要内容包括:粘性流体的运动方程,不可压缩粘性流动的基本理论,不可压缩层流边界层理论,边界层的近似计算方法等。 |
| ● |
| 相关链接 |
|
|
|
正题名:边界层理论讲义
索取号:O357.4/G862
 
预约/预借
| 序号 | 登录号 | 条形码 | 馆藏地/架位号 | 状态 | 备注 |
| 1 | 741746 | 207417464 | 自科库401/401自科库 53排7列2层/ [索取号:O357.4/G862] | 在馆 | |
| 2 | 741747 | 207417473 | 自科库401/401自科库 53排7列2层/ [索取号:O357.4/G862] | 在馆 | |
| 3 | 741748 | 207417482 | 自科库401/401自科库 53排7列2层/ [索取号:O357.4/G862] | 在馆 |